| 000 | 00688nam a22002297a 4500 | ||
|---|---|---|---|
| 001 | BD-DhSAU 2634 | ||
| 003 | BD-DhSAU | ||
| 005 | 20150129150204.0 | ||
| 008 | 150129b1986 ii a||||r|||| 001 0 eng d | ||
| 040 | _aBD-DhSAU | ||
| 082 |
_222 _a546.1 _bCHE |
||
| 100 | _aGopalan, R. | ||
| 245 |
_aElements of analytical chemistry / _cR. Gopalan, P.S. Subramanian and K. Rengarajan. |
||
| 260 |
_aNew Delhi : _bSultan Chand & Sons , _cc1986. |
||
| 300 |
_aviii, 419 p. : _bill. ; _c22 cm. |
||
| 504 | _aInclude bibliographical references and index. | ||
| 590 | _ajoy | ||
| 650 | _aBiochemistry. | ||
| 650 | _aAnalytical chemistry. | ||
| 700 | _aSubramanian, P.S. | ||
| 700 | _aRengarajan, K. | ||
| 942 |
_2ddc _cBOOK |
||
| 999 |
_c2634 _d2634 |
||